| 000 | 00382nam a22001337a 4500 | ||
|---|---|---|---|
| 082 |
_a891.4392 _bAHM _cN-02,P-100 |
||
| 100 |
_aAhmad, Nimra _951839 |
||
| 245 | _a نمل یکجا | ||
| 260 |
_aLahore, _bIlam wo irfan publishers, _c2017. |
||
| 300 |
_a1192p. _c28cm. |
||
| 526 |
_a0 _b0 _c0 _d891_439200000000000_AHM |
||
| 650 |
_aNovel, urdu adab _burdu books _951840 |
||
| 942 |
_2ddc _cBK |
||
| 999 |
_c554379 _d554379 |
||